Úroveň colného zákona nezaručuje kvalitu služieb poskytovaných pracovníkmi colníc

Kritika služieb colnej správy SR zo strany podnikateľov, individuálny výklad colného zákona č.618/1992 Zb. Problémy prepravy tovaru cez colné pásma. Postup pri dovoze tovaru. Colné konanie. Splatnosť cla a postup pri platení.

Saved in:
Bibliographic Details
Main Author: Poláčková, Věra
Format: Book Chapter
Language:Slovak
Subjects:
Tags: Add Tag
No Tags, Be the first to tag this record!

MARC

LEADER 00000naa a2200000 4500
001 r024326
005 20221213101154.6
041 0 |a slo 
044 |a SK 
245 1 0 |a Úroveň colného zákona nezaručuje kvalitu služieb poskytovaných pracovníkmi colníc  |c V. Poláčková 
520 |a Kritika služieb colnej správy SR zo strany podnikateľov, individuálny výklad colného zákona č.618/1992 Zb. Problémy prepravy tovaru cez colné pásma. Postup pri dovoze tovaru. Colné konanie. Splatnosť cla a postup pri platení. 
610 2 0 |a colníctvo 
610 2 0 |a clá 
610 2 0 |a zákony 
610 2 0 |a služby 
610 2 0 |a správa colná 
610 2 0 |a Slovensko 
610 2 0 |a 1992 
100 1 |a Poláčková, Věra